000 00279nmm a2200097Ia 4500
008 220120s9999||||xx |||||||||||||||||und||
020 _a978-81-203-3468-7
100 _aDigit
245 0 _aLinux packages GDC 2016 showcase, biology lectures game
260 _aNine dot Nine
_bNew delhi
999 _c140005
_d140005